000 00412nam a2200169Ia 4500
008 230711s9999||||xx |||||||||||||| ||und||
020 _a978-3-8228-5772-4
041 _aENG
082 _a720.92
_bNO-J
100 _aNouvel,Jean
245 0 _aJean Nouvel 1993-2008 Volume-II
250 _a1st Ed.
260 _c2008
_aNew York
_bTaschen Publications
300 _a457p.
650 _aArchitecture
942 _cBK
999 _c6502
_d6502